Apuntes técnicos 2 do. curso deportivo de verano enero 1963

Saved in:
Bibliografiske detaljer
Institution som forfatter: Universidad Católica de Valparaíso (Author)
Format: Bog
Sprog:spansk
Udgivet: Valparaíso Universidad católica de Valparaíso 1963
Fag:
Tags: Tilføj Tag
Ingen Tags, Vær først til at tagge denne postø!

MARC

LEADER 00000nam a2200000 a 4500
001 UCP1336
003 CL-VaPUC
008 990409e19630000CL |||||||||||||||||spa|d
082 0 4 |a 796.04  |b UNI  |2 21 
110 2 |a Universidad Católica de Valparaíso  |e author  |9 427321 
245 1 0 |a Apuntes técnicos 2 do. curso deportivo de verano enero 1963 
300 |a p.irreg 
942 |c BK 
945 |d 19990409 00:00:00  |a rbrito 
260 |a Valparaíso  |b Universidad católica de Valparaíso  |c 1963 
650 0 |a Educación física  |9 240893 
650 0 |a Deportes  |9 224367 
650 0 |a Fútbol  |9 307513 
650 7 |a BALONCESTO  |2 CL-VaPUC  |9 427322 
650 0 |a Congresos  |9 257560 
583 |a last modification  |c 19990409 00:00:00  |k Rodrigo Vera 
999 |c 280022  |d 280020